000 00978nam a2200301 i 4500
001 bg
100 1 _aWOLFRAM-ROMANOWSKA, Danuta
245 0 0 _aIdiomy polsko-angielskie /
_cDanuta Wolfram-Romanowska, Przemysław Kaszubski, Martin Parker.
246 0 1 _iTyt. równol. :
_aPolish-English idioms
250 _aWyd. 3.
260 _aWarszawa :
_bWydaw. Naukowe PWN,
_c2003.
300 _a205, [2] s. ;
_c24 cm.
504 _aBibliogr. Indeksy.
650 9 _aJęzyk angielski
_xa język polski
_xfrazeologia
650 9 _aJęzyk polski
_xa język angielski
_xfrazeologia
700 1 _aKASZUBSKI, Przemysław
700 1 _aPARKER, Martin
020 _a8301139099
020 _a8301139099
040 _cBPK
041 0 _apoleng
080 _a811.162.1:821.111]'373.7
920 _a83-01-13909-9
920 _a83-01-13909-9
942 _cKS
008 s pl f |000 0 pol
999 _c43527
_d43527